000 00702nam a22002537a 4500
003 UA-OsUOA
001 21281
007 ta
008 20031126b un ||||| |||| 00| 0 ukr d
100 _aПодсолонко Е.А.
090 _a332.18
_bП44
942 _cBK
040 _aUA-OsUOA
_brus
_cUA-OsUOA
_dUA-OsUOA
245 _aРеструктуризация региональной экономики (системный подход)
_bНаучное издание
300 _a424 с.
_bІлюстрації
955 _a0
041 _arus
080 _a332.18
020 _a966-306-015-8
260 _aКиев
_bЦУЛ
_c2003
044 _aUA
650 7 _2UDC
999 _c307475
_d307475